000 00770cas a22002417a 4500
001 104700
003 UA-OsUOA
005 20211008120544.0
007 ta
008 201401c n ||un ||n| 00| 0 ukr dukr d
040 _aUA-OsUOA
_bukr
_cUA-OsUOA
_dUA-OsUOA
041 _aukr
044 _aUA
080 _a2
090 _a2
_bЦ44
099 _a96145
245 _aЦерковна православна газета
_cгол. ред. протоірей Владислав Софійчук
_bофіційне видання української православної церкви
260 _aК.
650 7 _a2 Релігія. Теологія.
_2UDC
942 _cNP
_2udc
955 _a2
999 _c391168
_d391168